000 00740nam a22002537a 4500
003 UA-OsUOA
001 58950
007 ta
008 20090304b un ||||| |||| 00| 0 ukr d
100 _aПівторак Г.П.
700 _aСкопненко О.І.
090 _a81'374.822
_bП32
942 _cBK
040 _aUA-OsUOA
_bukr
_cUA-OsUOA
_dUA-OsUOA
245 _aБілорусько-український словник
300 _a723 с.
955 _a2
041 _aukr
080 _a81'374.822
020 _a978-966-507-213-3
260 _aК.
_bДовіра
_c2006
650 7 _a8 Мовознавство. Художня література. Літературознавство
_2UDC
999 _c345035
_d345035